Uchchatar madhyamik samaj shastra: (Record no. 11115)
[ view plain ]
| 000 -LEADER | |
|---|---|
| fixed length control field | 00609nam a22002057a 4500 |
| 005 - DATE AND TIME OF LATEST TRANSACTION | |
| control field | 20201207120842.0 |
| 008 - FIXED-LENGTH DATA ELEMENTS--GENERAL INFORMATION | |
| fixed length control field | 201207b ||||| |||| 00| 0 eng d |
| 040 ## - CATALOGING SOURCE | |
| Original cataloging agency | IN-DiNC |
| Transcribing agency | IN-DiNC |
| 041 ## - LANGUAGE CODE | |
| Language code of sung or spoken text | Assamese |
| 082 ## - DEWEY DECIMAL CLASSIFICATION NUMBER | |
| Classification number | 301 |
| Item number | DOL |
| 100 ## - MAIN ENTRY--PERSONAL NAME | |
| Personal name | Dole, Durgeswar |
| Relator term | Author |
| 245 ## - TITLE STATEMENT | |
| Title | Uchchatar madhyamik samaj shastra: |
| Remainder of title | pratham barshikar babe / |
| Statement of responsibility, etc. | by Durgeswar Dole and Giyasuddin Ahmed |
| 250 ## - EDITION STATEMENT | |
| Edition statement | 4th rev. ed. |
| 260 ## - PUBLICATION, DISTRIBUTION, ETC. | |
| Place of publication, distribution, etc. | Dibrugarh: |
| Name of publisher, distributor, etc. | Students emporium, |
| Date of publication, distribution, etc. | 1999 |
| 300 ## - PHYSICAL DESCRIPTION | |
| Extent | 260p. |
| 650 ## - SUBJECT ADDED ENTRY--TOPICAL TERM | |
| Topical term or geographic name entry element | Sociology |
| 650 ## - SUBJECT ADDED ENTRY--TOPICAL TERM | |
| Topical term or geographic name entry element | High secondary sociology |
| 700 ## - ADDED ENTRY--PERSONAL NAME | |
| Personal name | Ahmed, Giyasuddin |
| Relator term | Author |
| 942 ## - ADDED ENTRY ELEMENTS (KOHA) | |
| Source of classification or shelving scheme | Dewey Decimal Classification |
| Koha item type | Books |
| Withdrawn status | Lost status | Source of classification or shelving scheme | Damaged status | Not for loan | Collection code | Home library | Current library | Shelving location | Date acquired | Cost, normal purchase price | Full call number | Barcode | Date last seen | Copy number | Price effective from | Koha item type | Total Checkouts | Date last checked out |
|---|---|---|---|---|---|---|---|---|---|---|---|---|---|---|---|---|---|---|
| Dewey Decimal Classification | Sociology | Central Library, Naharkatiya College | Central Library, Naharkatiya College | General Stacks | 19/09/2020 | 65.00 | 301 | DOL | 15003 | 19/09/2020 | 3 | 19/09/2020 | Books | ||||||
| Dewey Decimal Classification | Sociology | Central Library, Naharkatiya College | Central Library, Naharkatiya College | General Stacks | 19/09/2020 | 65.00 | 301 | DOL | 15004 | 18/05/2022 | 4 | 19/09/2020 | Books | 1 | 29/04/2022 | ||||
| Dewey Decimal Classification | Sociology | Central Library, Naharkatiya College | Central Library, Naharkatiya College | General Stacks | 19/09/2020 | 65.00 | 301 | DOL | 15058 | 19/09/2020 | 5 | 19/09/2020 | Books | ||||||
| Dewey Decimal Classification | Sociology | Central Library, Naharkatiya College | Central Library, Naharkatiya College | General Stacks | 07/12/2020 | 65.00 | 301 DOL | 15001 | 07/12/2020 | 1 | 07/12/2020 | Books | ||||||
| Dewey Decimal Classification | Sociology | Central Library, Naharkatiya College | Central Library, Naharkatiya College | General Stacks | 07/12/2020 | 65.00 | 301 DOL | 15002 | 30/05/2022 | 2 | 07/12/2020 | Books | 1 | 29/04/2022 | ||||
| Dewey Decimal Classification | Sociology | Central Library, Naharkatiya College | Central Library, Naharkatiya College | General Stacks | 07/12/2020 | 65.00 | 301 DOL | 20707 | 07/12/2020 | 6 | 07/12/2020 | Books |
